La educación particular en Chile : antecedentes y dilemas.

Bewaard in:
Bibliografische gegevens
Hoofdauteur: Brahm M., Luis A. coord, (autor)
Andere auteurs: Cariola, Patricio, coord (autor) coord, (autor), Silva Uribe, Juan José, coord (autor) coord, (autor)
Formaat: Boek
Taal:Spaans
Onderwerpen:
Tags: Voeg label toe
Geen labels, Wees de eerste die dit record labelt!

MARC

LEADER 00000cam^a2200000uu^4500
001 000483282
005 20250521000000.0
008 050901s1971^^^^^^^^^^^^rd^r^^000^0^spa^d
009 20260310125107.897
035 |a FCE 000026333 
035 |a FCE 018314 
037 |a Acervo ITESO - Biblioteca 
041 |a spa 
082 0 4 |a 371.016  |b BRAe 
100 |a Brahm M., Luis A.,  |e coord  |e (autor) 
245 1 3 |a La educación particular en Chile :  |b antecedentes y dilemas. 
264 |a Santiago de Chile :  |b CIDE,  |c 1971. 
300 |a 391 p. 
336 |a texto  |b txt  |2 rdacontenido 
337 |a sin mediación  |b n  |2 rdamedio 
338 |a volumen  |b nc  |2 rdasoporte 
649 |a XX 
650 |a Economía de la educación 
650 |a Estadísticas educativas 
650 |a Financiamiento educativo 
650 |a Planificación de la educación 
650 |a Legislación de la educación 
650 |a Reforma de la educación 
650 |a Educación pública 
650 |a Capacitación 
650 |a Chile 
700 |a Cariola, Patricio,  |e coord  |e (autor) 
700 |a Silva Uribe, Juan José,  |e coord  |e (autor) 
910 |a Fondo Centro de Estudios Educativos 
920 |a Impresos - Libros 
930 |a Fondos Especiales 
905 |a 133 
901 |a ALE018314  |b IT2  |c CEE  |u 20250521 
901 |a ALE041966  |b IT2  |c CEE  |u 20250521 
902 |a https://opac.biblio.iteso.mx/vufind/Record/000483282